000 00276nam a2200109Ia 4500
008 220204s9999 xx 000 0 und d
082 _bGOP
100 _aGopalakrishnan Nair, R
245 0 _aPrabhath garhika vijnana kosam
260 _aTrivandrum
_bPrabhath
_c1979
942 _cBK
999 _c34174
_d34174